Social structure and change among the tribals (Record no. 304054)
[ view plain ]
| 000 -LEADER | |
|---|---|
| fixed length control field | 00610nam a2200253Ia 4500 |
| 008 - FIXED-LENGTH DATA ELEMENTS--GENERAL INFORMATION | |
| fixed length control field | 141004s9999 xx 000 0 und d |
| 020 ## - INTERNATIONAL STANDARD BOOK NUMBER | |
| International Standard Book Number | 8176462020 |
| 040 ## - CATALOGING SOURCE | |
| Transcribing agency | a |
| 041 ## - LANGUAGE CODE | |
| Language code of text/sound track or separate title | English |
| 082 ## - DEWEY DECIMAL CLASSIFICATION NUMBER | |
| Classification number | 307.7 |
| 082 ## - DEWEY DECIMAL CLASSIFICATION NUMBER | |
| Item number | JAC/SO |
| 100 ## - MAIN ENTRY--PERSONAL NAME | |
| Personal name | Jacob John Kattakayam |
| 245 ## - TITLE STATEMENT | |
| Title | Social structure and change among the tribals |
| 245 ## - TITLE STATEMENT | |
| Statement of responsibility, etc. | Jacob John Kattakayam |
| 250 ## - EDITION STATEMENT | |
| Edition statement | 2 |
| 260 ## - PUBLICATION, DISTRIBUTION, ETC. (IMPRINT) | |
| Place of publication, distribution, etc. | Delhi |
| 260 ## - PUBLICATION, DISTRIBUTION, ETC. (IMPRINT) | |
| Name of publisher, distributor, etc. | B.R.Publishing corporation |
| 260 ## - PUBLICATION, DISTRIBUTION, ETC. (IMPRINT) | |
| Date of publication, distribution, etc. | 1983 |
| 300 ## - PHYSICAL DESCRIPTION | |
| Extent | 192 |
| 300 ## - PHYSICAL DESCRIPTION | |
| Other physical details | 22.5 cm |
| 365 ## - TRADE PRICE | |
| Price type code | Rs.600.00 |
| 501 ## - WITH NOTE | |
| With note | KAUCOF |
| 942 ## - ADDED ENTRY ELEMENTS (KOHA) | |
| Koha item type | Books (General) |
| Withdrawn status | Lost status | Damaged status | Not for loan | Collection code | Home library | Current library | Cost, normal purchase price | Total Checkouts | Full call number | Barcode | Date last seen | Price effective from | Koha item type |
|---|---|---|---|---|---|---|---|---|---|---|---|---|---|
| College of Forestry, Vellanikkara | College of Forestry, Vellanikkara | 600.00 | 307.7 JAC/SO | KAU_COF-3209 | 04/10/2014 | 04/10/2014 | Books (General) |
